Ошибка Одинокого Бизона: повести; Ошибка Одинокого Бизона; С индейцами в скалистых горах; Сын племени навахов

Detalhes bibliográficos
Autor principal: Шульц Д. В. Джемс Вилард
Outros Autores: Кривцова А. В. (переводчик), Жуков В. А. (иллюстратор)
Idioma:russo
Publicado em: Волгоград, Нижне-Волжское кн. изд-во, 1988
TOC:Ошибка Одинокого Бизона;
С индейцами в скалистых горах;
Сын племени навахов;
Assuntos:
Formato: MixedMaterials Livro
KOHA link:https://koha.lib.tpu.ru/cgi-bin/koha/opac-detail.pl?biblionumber=163956

MARC

LEADER 00000nam0a2200000 4500
001 163956
005 20231031161034.0
010 |a 5761000385 
020 |a RU  |b 88-60035 
035 |a (RuTPU)RU\TPU\book\177872 
090 |a 163956 
100 |a 20090825d1988 d y0rusy5003 ca 
101 1 |a rus  |c eng 
102 |a RU 
105 |a a z 000ay 
200 1 |a Ошибка Одинокого Бизона  |e повести  |f Д. В. Шульц  |g пер. с англ. А. В. Кривцова ; худож. В. А. Жуков 
210 |a Волгоград  |c Нижне-Волжское кн. изд-во  |d 1988 
215 |a 255,[1] с.  |c ил.  |d 21 см 
464 |t Ошибка Одинокого Бизона 
464 |t С индейцами в скалистых горах 
464 |t Сын племени навахов 
610 1 |a Индейцы Северной Америки 
610 1 |a повести 
675 |a 82  |z rus 
700 1 |a Шульц  |b Д. В.  |g Джемс Вилард  |4 070 
702 1 |a Кривцова  |b А. В.  |4 730 
702 1 |a Жуков  |b В. А.  |4 440 
801 0 |a RU  |b RuMRKP  |c 19950417  |g psbo 
801 1 |a RU  |b 63413507  |c 20090825 
801 2 |a RU  |b 63413507  |c 20090825  |g RCR 
942 |c BK